Statistiques concernant Monarchies d'Asie

Cliquez ici pour prendre le quiz!

Statistiques générales

  • Ce quiz a été pris 1,309 fois
  • Le résultat moyen est 10 sur 13

Statistiques - réponses

Country % Correct
Arabie Saoudite
88%
Thaïlande
85%
Oman
83%
Qatar
83%
Emirats Arabes Unis
81%
Brunei
77%
Japon
75%
Bahreïn
74%
Koweït
73%
Bhoutan
72%
Jordanie
68%
Cambodge
66%
Malaisie
60%

Distribution des résultats

Percentile par nombre de réponses

% des personnes avec chaque résultat

Votre développement - résultats

Vous n’avez pas pris ce quiz